| 000 | 00535nam a2200193Ia 4500 | ||
|---|---|---|---|
| 003 | OSt | ||
| 005 | 20200812145843.0 | ||
| 008 | 190216s9999||||xx |||||||||||||| ||und|| | ||
| 020 | _a9788121902595 | ||
| 040 | _coclc | ||
| 082 |
_a547 _bBAH/T |
||
| 100 |
_aBahl, Arun _94073 |
||
| 245 | 0 |
_aA Textbook Of Organic Chemistry / _cArun Bahl ; B S Bahl |
|
| 250 | _a16th Ed. | ||
| 260 |
_bS Chand & Company, _c2001. _aNew Delhi: |
||
| 300 | _a895p | ||
| 650 | _aChemistry | ||
| 942 |
_cBK _2ddc _h547 _iBAH/T _k547 _mBAH/T |
||
| 999 |
_c2511 _d2511 |
||